Major League Baseball Team Names In Spanish - Statistics

General Stats
  • This quiz has been taken 9 times
  • The average score is 8 of 30
Answer Stats
Hint Answer % Correct
Padres Padres
89%
Reds Rojos
89%
Tigers Tigres
89%
Athletics Atleticos
67%
Mets Mets
67%
Astros Astros
44%
Braves Bravos
44%
Dodgers Dodgers
44%
Mariners Marineros
44%
Orioles Orioles
44%
Marlins Marlins
22%
Nationals Nacionales
22%
Royals Reales
22%
Rockies Rockies
22%
Yankees Yanquis
22%
Giants Gigantes
11%
Pirates Piratas
11%
Rays Rayas
11%
Angels Angelinos
0%
Blue Jays Azulejos
0%
Cubs Cachorros
0%
Cardinals Cardenales
0%
Diamondbacks Cascabeles
0%
Brewers Cerverceros
0%
Phillies Filis
0%
Guardians Indios
0%
White Sox Medias Blancas
0%
Red Sox Medias Rojas
0%
Twins Mellizos
0%
Rangers Vigilantes
0%
No matching quizzes found
Score Distribution
Percent of People with Each Score
Percentile by Number Answered
Your Score History
You have not taken this quiz